000 00831nas a2200253 4500
001 BR0802751
003 BR-BrBNA
005 20231205112053.0
007 ta
008 230509b bl.|||p| |||| 00| 00por d
040 _aBR-BrBNA
_bpor
_cBiblioteca Nacional de Agricultura
041 _a(Es)
072 _aL60; L20
100 1 _aUperaza, L.N.
100 1 _aDeloya, C.
245 1 _aUna nueva especie mexicana de Dichotomius Hope (Coleoptera: Scarabaeidae)y clave para la identificación de las especies del grupo carolinus
650 _aINSETO
650 _aTAXONOMIA ANIMAL
650 _aDISTRIBUIÇÃO GEOGRÁFICA
650 _aMÉXICO
773 0 _tNeotropical Entomology (Brazil)
_xISSN 1519-566X
_g(Sep-Out 2006), v. 35(5) p. 629-631
_wBR0802751
909 _a202311
_bLúcia
_c55
_dLúcia Elande
942 _2AGRIS
_n0
_cANA
999 _c195932
_d195932